[Event "USA-ch13 prel 02 corr"]
[Site "USA"]
[Date "1996.06.24"]
[Round "?"]
[White "Aqulnick, Michael"]
[Black "Dunne, Alex"]
[Result "1/2-1/2"]
[WhiteElo "2030"]
[BlackElo "2385"]
[PlyCount "72"]
[EventDate "1996.??.??"]
[EventType "tourn (corr)"]
[EventRounds "9"]
[EventCountry "USA"]
[SourceTitle "Corr 2006"]
[Source "ChessBase"]
[SourceDate "2006.04.01"]
[SourceVersion "3"]
[SourceVersionDate "2006.04.01"]
[SourceQuality "1"]

1. e4 Nc6 2. Nf3 d6 3. d4 Nf6 4. Nc3 g6 5. Be3 Bg7 6. h3 0-0 7. d5 Ne5 8. Nxe5 dxe5 9. Qd2 e6 10. Bc4 exd5 11. Bxd5 c6 12. Bb3 Qxd2+ 13. Bxd2 b5 14. 0-0 a5 15. a3 Ba6 16. Rfe1 Rfd8 17. Be3 Rd7 18. f3 Bf8 19. Red1 a4 20. Ba2 Rad8 21. Bb6 Rxd1+ 22. Rxd1 Rxd1+ 23. Nxd1 Nd7 24. Be3 Nc5 25. Nf2 h5 26. g4 Kg7 27. Nh1 hxg4 28. hxg4 Bc8 29. Nf2 Ne6 30. Bxe6 Bxe6 31. g5 Bc4 32. Ng4 Bd6 33. Nf6 Kf8 34. Kf2 Ke7 35. Ke1 c5 36. c3 b4 1/2-1/2

[Event "USA-ch13 prel 02 corr"]
[Site "USA"]
[Date "1996.06.24"]
[Round "?"]
[White "Shannon, Michael G"]
[Black "Aqulnick, Michael"]
[Result "1/2-1/2"]
[WhiteElo "2119"]
[BlackElo "2030"]
[PlyCount "57"]
[EventDate "1996.??.??"]
[EventType "tourn (corr)"]
[EventRounds "9"]
[EventCountry "USA"]
[SourceTitle "Corr 2006"]
[Source "ChessBase"]
[SourceDate "2006.04.01"]
[SourceVersion "3"]
[SourceVersionDate "2006.04.01"]
[SourceQuality "1"]

1. e4 e6 2. d4 d5 3. Nd2 c5 4. exd5 exd5 5. Ngf3 Nf6 6. Bb5+ Bd7 7. Bxd7+ Nbxd7 8. 0-0 Be7 9. dxc5 Nxc5 10. Re1 0-0 11. Nd4 Qd7 12. N2f3 Bd6 13. Ne5 Bxe5 14. Rxe5 Rfe8 15. Rxe8+ Rxe8 16. Be3 Ng4 17. Bf4 Ne5 18. Bxe5 Rxe5 19. c3 Re8 20. Rc1 Ne6 21. Nf5 g6 22. Nd4 Nxd4 23. Qxd4 Re2 24. c4 Qe6 25. g3 dxc4 26. Rxc4 Rxb2 27. Qc3 Rb1+ 28. Kg2 Qd5+ 29. Kh3 1/2-1/2